| 000 | 00000nam 2200000zi 4500 |
| 001 | 9.947093 |
| 003 | CaOODSP |
| 005 | 20250121091710 |
| 006 | m o d f |
| 007 | cr mn||||||||| |
| 008 | 250120t19941994onca obu f000 0 eng d |
| 020 | |z0660154277 |
| 040 | |aCaOODSP|beng|erda|cCaOODSP |
| 043 | |an-cn--- |
| 086 | 1 |aNR36-1/1994-9E-PDF|zNR36-1/1990-9-1E |
| 086 | 1 |aNR36-1/1994-9-1E-PDF |
| 245 | 00|aCommentary on Part 9 National Building Code of Canada 1990 / |cCanadian Commission on Building and Fire Codes. |
| 246 | 17|aCommentary on Part 9 |
| 250 | |aFirst edition. |
| 264 | 1|aOttawa, Canada : |bNational Research Council Canada, |c[1994] |
| 264 | 4|c©1994 |
| 300 | |a1 online resource (242 pages) : |billustrations + |e1 errata (16 pages) |
| 336 | |atext|btxt|2rdacontent |
| 337 | |acomputer|bc|2rdamedia |
| 338 | |aonline resource|bcr|2rdacarrier |
| 500 | |aThe catalogue number (NR36-1/1990-9-1E) and ISBN (0660154277) for the print edition have been copied in this electronic publication. |
| 500 | |aIssued also in French under title: Commentaire sur la partie 9 du Code national du bâtiment du Canada 1990. |
| 504 | |aIncludes bibliographical references. |
| 520 | |a"This commentary has been prepared to help users of the National Building Code (NBC) have a better understanding of the requirements in Part 9, Housing and Small Buildings. Knowing the objectives of the requirements, and the general principles on which they are based, should assist the user in applying them"--Introduction, page 5. |
| 650 | 0|aBuilding laws|zCanada. |
| 650 | 0|aBuildings|xStandards|zCanada. |
| 650 | 0|aArchitecture, Domestic|xStandards|zCanada. |
| 710 | 2 |aCanadian Commission on Building and Fire Codes, |eissuing body. |
| 775 | 08|tCommentaire sur la partie 9 du Code national du bâtiment du Canada 1990 / |w(CaOODSP)9.947096 |
| 856 | 40|qPDF|s18.8 MB|uhttps://publications.gc.ca/collections/collection_2025/cnrc-nrc/NR36-1-1994-9-eng.pdf|zCommentary |
| 856 | 40|qPDF|s641 KB|uhttps://publications.gc.ca/collections/collection_2025/cnrc-nrc/NR36-1-1994-9-1-eng.pdf|zErrata |
| 986 | |a37818 |
| 986 | |aIRC-P-3664 |